Panduan manasik : haji & umrah

Bibliographic Details
Main Author: Haji Muhammad Amir
Format: Book
Published: KL : Synergy Media , [s.n]
Subjects:

MARC

LEADER 00000cam a2200000 7i4500
001 0000038756
005 20131120.0
008 131120
020 |a 9670585611 
090 0 0 |a 297.352   |b MUH 
100 0 |a Haji Muhammad Amir 
245 1 0 |a Panduan manasik :   |b haji & umrah   |c Haji Muhammad Amir 
260 |a KL :   |b Synergy Media ,   |c [s.n] 
650 0 |a Muslim pilgrims and pilgrimages   |z Saudi Arabia Mecca 
650 0 |a Pilgrims and pilgramages meca 
650 0 |a Pillars of Islam 
999 |a 0001247122   |b Book   |c Adult Collection   |e Cawangan Mersing 
999 |a 0001247125   |b Book   |c Adult Collection   |e Cawangan Bandar Tenggara 
999 |a 0001247127   |b Book   |c Adult Collection   |e Cawangan Muar 
999 |a 0001247131   |b Book   |c Adult Collection   |e Cawangan Pontian 
999 |a 0001247132   |b Book   |c Adult Collection   |e Cawangan Bukit Gambir 
999 |a 0001249086   |b Book   |c Adult Collection   |e Perbadanan Perpustakaan Awam Johor 
999 |a 0001249087   |b Book   |c Adult Collection   |e Perbadanan Perpustakaan Awam Johor 
999 |a 0001249088   |b Book   |c Adult Collection   |e Perbadanan Perpustakaan Awam Johor 
999 |a 0001249089   |b Book   |c Adult Collection   |e Perbadanan Perpustakaan Awam Johor